|
|
|
|
| LEADER |
00000nam0a2200000 4500 |
| 001 |
126315 |
| 005 |
20231101220004.0 |
| 010 |
|
|
|a 5895941389
|
| 035 |
|
|
|a (RuTPU)RU\TPU\book\136652
|
| 090 |
|
|
|a 126315
|
| 100 |
|
|
|a 20071127d2007 k y0rusy50 ca
|
| 101 |
0 |
|
|a rus
|
| 102 |
|
|
|a RU
|
| 105 |
|
|
|a a z 001zy
|
| 200 |
1 |
|
|a Нанопорошки в производстве композитов
|f В. А. Попов, А. Г. Кобелев, В. Н. Чернышев
|
| 210 |
|
|
|a Москва
|c Интермет Инжиниринг
|d 2007
|
| 215 |
|
|
|a 336 с.
|c ил.
|
| 320 |
|
|
|a Библиографический список: с. 316-336.
|
| 330 |
|
|
|a Описаны современное состояние и применение нанопорошков в производстве композиционных материалов. Показаны особенности технологических процессов получения нанокомпозитов с металлической и полимерной матрицей. Рассмотрены возможные области применения нанокомпозитов в промышленности, методы контроля. Книга предназначена для инженерно-технических и научных работников отраслей, связанных с производством и применением композиционных материалов. Может быть полезна студентам и аспирантам, обучающимся по соответствующим направлениям и специальностям.
|
| 606 |
1 |
|
|a Композиционные материалы, порошковые
|x Производство
|2 stltpush
|3 (RuTPU)RU\TPU\subj\15043
|9 41341
|
| 610 |
1 |
|
|a композитные материалы
|
| 610 |
1 |
|
|a наноматериалы
|
| 610 |
1 |
|
|a металломатричные композиты
|
| 610 |
1 |
|
|a нанопорошки
|
| 610 |
1 |
|
|a механическое легирование
|
| 610 |
1 |
|
|a объемные композиты
|
| 610 |
1 |
|
|a покрытия
|
| 610 |
1 |
|
|a металлическая матрица
|
| 610 |
1 |
|
|a неметаллическая матрица
|
| 610 |
1 |
|
|a метод инфильтрации
|
| 610 |
1 |
|
|a спекание
|
| 610 |
1 |
|
|a композиты
|
| 610 |
1 |
|
|a нанотехнологии
|
| 675 |
|
|
|a 621.762.8
|v 3
|
| 700 |
|
1 |
|a Попов
|b В. А.
|g Владимир Алексеевич
|
| 701 |
|
1 |
|a Кобелев
|b А. Г.
|g Анатолий Германович
|
| 701 |
|
1 |
|a Чернышев
|b В. Н.
|g Вячеслав Николаевич
|
| 801 |
|
1 |
|a RU
|b 63413507
|c 20071127
|g PSBO
|
| 801 |
|
2 |
|a RU
|b 63413507
|c 20150623
|g PSBO
|
| 900 |
|
|
|a Порошковые технологии изготовления наноматериалов
|
| 942 |
|
|
|c BK
|
| 959 |
|
|
|a 84/20071126
|d 1
|e 1020,00
|f ЧЗТЛ:1
|
| 959 |
|
|
|a 49/20080514
|d 1
|e 1020,00
|f ЧЗТЛ:1
|